000 00700nam a2200169 a 4500
008 120416s2003 ||||||||||||||||| || u
050 _aUN-ESCWA(08)
245 1 0 _aGlobal forecasts and predictions for the ESCWA Region
246 _amonetary and fiscal trends and forecasts
260 _aNew York
_bUnited Nations Economic and Social Commi
_c2003
300 _a53p. : ill.
350 _a0.00
490 _aGlobal Forecasts and Predictions for the ESCWA Region
650 0 _aECONOMICS
650 _aASIA, WESTERN--ECONOMIC CONDITIONS
995 _D0.00
_FCBU-MAIN LIBRARY (Kitwe)
_H1
_I0.00
_M1
_UAVAILABLE
_ZInternational Publications
999 _c44661
_d44661